Technology and Society : (Record no. 608663)

MARC details
000 -LEADER
fixed length control field 00492nam a2200181 a 4500
008 - FIXED-LENGTH DATA ELEMENTS--GENERAL INFORMATION
fixed length control field 260120s2007##################000#0#eng##
020 ## - INTERNATIONAL STANDARD BOOK NUMBER
ISBN 9780737733617
082 04 - DEWEY DECIMAL CLASSIFICATION NUMBER
Classification number 303.483
Item number HAU
100 1# - MAIN ENTRY--AUTHOR NAME
Personal name Haugen, David M.,
245 10 - TITLE STATEMENT
Title Technology and Society :
260 ## - PUBLICATION, DISTRIBUTION, ETC. (IMPRINT)
Name of publisher Greenhaven Press, Incorporated,
Year of publication 2007.
650 #0 - SUBJECT ADDED ENTRY--TOPICAL TERM
Topical Term Critical thinking.
942 ## - ADDED ENTRY ELEMENTS (KOHA)
Koha item type English Books

No items available.

Find us on the map